Les stations du métro de Paris consécutives qui riment - Statistiques

Statistiques générales
  • Ce quiz a été pris 34 fois
  • Le résultat moyen est 12 sur 20
Statistiques - réponses
Ligne Rime en... Stations % Correct
-de clichy Mairie de Clichy / Porte de Clichy
87%
-auteuil Michel-Ange - Auteuil / Porte d'Auteuil
87%
-des lilas Porte des Lilas / Mairie des Lilas
87%
-on Avron / Nation
83%
-saint-ouen Mairie de Saint-Ouen / Saint-Ouen
83%
-de vanves Porte de Vanves / Malakoff - Plateau de Vanves
83%
- -la défense La Défense / Esplanade de La Défense
80%
-orly Thiais - Orly / Aéroport d'Orly
77%
-auteuil Eglise d'Auteuil / Michel-Ange - Auteuil
63%
-èr Kléber / Boissière
57%
-on Mabillon / Odéon
53%
-i Porte de Choisy / Porte d'Ivry
53%
-i Porte d'Italie / Porte de Choisy
53%
-ri Porte d'Ivry / Pierre et Marie Curie
53%
-o Bobigny - Pablo Picasso / Bobigny - Pantin - Raymond Queneau
50%
-ri Pierre et Marie Curie / Mairie d'Ivry
47%
-tin Saint-Augustin / Havre - Caumartin
40%
-air Aimé Césaire / Front Populaire
33%
-i Gabriel Péri / Mairie de Clichy
33%
-i Basilique de Saint-Denis / Saint-Denis - Porte de Paris
23%
Aucun quiz correspondant
Distribution des résultats
% des personnes avec chaque résultat
Percentile par nombre de réponses
Votre historique - résultats
Vous n’avez pas pris ce quiz